000 01092nam a2200349 a 4500
003 CO-BoRNBP
005 20230519130346.0
007 ta
008 040929s2006 ck gr 0001fdspa d
020 _a9588293014
040 _aCO-BoRNBP
_bspa
_erda
_cCO-BoRNBP
041 0 _aspa
043 _ack
084 _aC CHAF1
100 1 0 _aCharry, Luis Fernando
_d1976-
_92094
245 1 3 _aLa furia de los elementos
_cLuis Fernando Charry ; editor Benjamín Villegas
250 _a1a. ed.
264 3 _aBogotá
_bVillegas Editores
_c2006
300 _a93 páginas
_c21 cm.
336 _atexto
_btxt
_2rdacontent
337 _asin mediación
_bn
_2rdamedia
338 _avolumen
_bnc
_2rdacarrier
490 _aVillegas. Cuento
490 _aColección turquesa. Narrativa
650 1 4 _aCuentos colombianos
_2LEMB
_ySiglo XX
_91206
650 1 4 _aLiteratura colombiana
_2LEMB
_ySiglo XX
_9427
650 1 4 _aMiedo en la literatura
_2LEMB
_92179
650 1 4 _aCuentos de terror
_2LEMB
_91077
700 1 0 _aVillegas Jiménez, Benjamín
_eeditor
_91570
942 _cBK
949 _ac
_bc
999 _c9585
_d9585